000 00568nam a2200229Ia 4500
003 OSt
005 20220924133350.0
006 a|||||r|||| 00| 0
007 ta
008 220923b |||||||| |||| 00| 0 urd d
024 _a264679
037 _cTextual
040 _aARTS
_cARTS
_burd
041 _2urd
_aurd
082 _aO168:gx, F5;L3
100 _aDr.Mohd. Hasan
_9206244
245 0 _aAobi tanqeed
260 _c1973
650 _aURDU LITERATURE
942 _hO168:gx, F5;L3
_cTEXL
_2CC
999 _c433532
_d433532